Normal view
MARC view
Entry Personal Name
001 - CONTROL NUMBER
- control field: 23505
003 - CONTROL NUMBER IDENTIFIER
- control field: dpl
005 - DATE AND TIME OF LATEST TRANSACTION
- control field: 20101015113920.0
008 - FIXED-LENGTH DATA ELEMENTS
- fixed length control field: 101015|||a|||||| | ||| d
040 ## - CATALOGING SOURCE
- Original cataloging agency: dpl
- Transcribing agency: dpl
100 ## - HEADING--PERSONAL NAME
- Personal name: मित्तल, सिद्धार्थ
670 ## - SOURCE DATA FOUND
- Source citation: Work cat.: (dpl)35866: जैन, रनीश 23504, संघ लोक सेवा आयोग (UPSC) IAS सिविल सेवा (मुख्य) परीक्षाः इतिहास (द्वितीय प्रश्न-पत्र) /, 2009
670 ## - SOURCE DATA FOUND
- Source citation: Work cat.: (dpl)35866: जैन, रनीश 23504, संघ लोक सेवा आयोग (UPSC) IAS सिविल सेवा (मुख्य) परीक्षाः इतिहास (द्वितीय प्रश्न-पत्र) /, 2009
